Les argentins passés par le PSG - Statistiques

Statistiques générales
  • Ce quiz a été pris 166 fois
  • Le résultat moyen est 7 sur 17
Statistiques - réponses
Passage (Poste) Réponse % Correct
2021-2023 (ATT) Lionel Messi
95%
2015-2022 (ATT) Ángel Di María
91%
2019-2023 (MIL) Leandro Paredes
79%
2012-2016 (ATT) Ezequiel Lavezzi
77%
2019-2020 (ATT) Mauro Icardi
71%
2011-2018 (MIL) Javier Pastore
70%
2016-2018 (MIL) Giovani Lo Celso
52%
2001-2003 (DEF) Mauricio Pochettino
36%
2001-2004 (DEF) Gabriel Heinze
34%
1977-1979 (ATT) Carlos Bianchi
15%
2003-2004 (DEF) Juan Pablo Sorín
14%
1985-1986 (ATT) Omar da Fonseca
10%
2007-2008 (MIL) Marcelo Gallardo
6%
2002-2003 (ATT) Martín Cardetti
5%
1987-1990 (ATT) Gabriel Calderón
3%
1982-1982 (MIL) Osvaldo Ardiles
3%
1977-1980 (DEF) Cacho Heredia
1%
Aucun quiz correspondant
Distribution des résultats
% des personnes avec chaque résultat
Percentile par nombre de réponses
Votre historique - résultats
Vous n’avez pas pris ce quiz